| 000 | 00585nam a2200193 a 4500 | ||
|---|---|---|---|
| 005 | 20240925065504.0 | ||
| 008 | 030526s2000 mx r 000 0 spa d | ||
| 020 | _a8477387168 | ||
| 035 | _aUPN01000124630 | ||
| 049 | _aCG | ||
| 050 | 4 |
_aLC191 _bQ5.7 |
|
| 100 | 1 | _aQuintana, José María | |
| 245 | 1 | 3 |
_aEl sociologismo pedagógico / _cJosé Ma. Quintana. |
| 260 |
_aMadrid : _bSíntesis, _c2000. |
||
| 300 | _a187 p. | ||
| 440 | 0 |
_aHistoria del pensamiento pedagógico. _pTeoría e historia de la educación ; _v18 |
|
| 650 | 4 |
_aSociología de la educación _94896 |
|
| 905 | _aLibro | ||
| 999 |
_c96809 _d96809 |
||